|
|
|
|
| LEADER |
00000cam a2200000 7i4500 |
| 001 |
0000006232 |
| 002 |
000006728 |
| 005 |
20000330.0 |
| 020 |
|
|
|a 9679784967
|
| 090 |
0 |
0 |
|a 399.4609595
|b LIM
|
| 100 |
0 |
|
|a Lim Hin Fui
|
| 245 |
1 |
0 |
|a Poverty and household economic strategies in Malaysian new villages
|c Lim Hin Fui
|
| 260 |
|
|
|a Petaling Jaya :
|b Pelanduk Publications ,
|c 1994
|
| 300 |
|
|
|a 237 p. ;
|c 22 cm.
|
| 650 |
0 |
0 |
|a Chinese
|z Malaysia
|x Economic conditions
|
| 650 |
0 |
0 |
|a Income
|z Malaysia
|x Regional disparities
|
| 650 |
0 |
0 |
|a Planned communities
|z Malaysia
|
| 650 |
0 |
0 |
|a Poverty
|z Malaysia
|x Research
|
| 999 |
|
|
|a 038968
|b BUKU
|c RUJUKAN
|e PERPUSTAKAAN KOMUNITI PETALING JAYA
|